| 000 | 00829nam a22002297a 4500 | ||
|---|---|---|---|
| 999 |
_c4820 _d4820 |
||
| 003 | AR-CdUCM | ||
| 008 | 190311b ||||| |||| 00| 0 spa d | ||
| 040 |
_aMUNICIPALIDAD PROVINCIAL DEL CUSCO _cBIBLIOTECA MUNICIPAL DEL CUSCO |
||
| 082 |
_a910.08 / _bOR65 |
||
| 100 |
_aOrdoñez, Ceballos de _914864 |
||
| 245 | _aViaje del mundo / | ||
| 260 |
_aMadrid : _bAguilar, _c1965. |
||
| 300 |
_a99 paginas ; _bIlustraciones, _c23 cm. |
||
| 440 |
_aEl globo de colores _914865 |
||
| 500 | _aDonación familia Nieto | ||
| 505 | _aContenido :Patria y crianza del clérigo agradecido --Lo que sucedió en aquel viaje --Prisioneros de los venecianos --Viaje a España y a Jerusalen --Los lugares santos ... | ||
| 650 |
_aHistoria _9136 |
||
| 650 |
_aReligion _91195 |
||
| 650 |
_aPatria _96885 |
||
| 942 |
_2ddc _cLIBROS |
||
| 945 | _arjall | ||